|
|
|
|
| LEADER |
00000nam0a2200000 4500 |
| 001 |
25814 |
| 005 |
20231030201152.0 |
| 010 |
|
|
|a 5940100325
|
| 035 |
|
|
|a (RuTPU)RU\TPU\book\26051
|
| 035 |
|
|
|a BOOK00026126
|
| 090 |
|
|
|a 25814
|
| 100 |
|
|
|a 20011209d2001 m y0rusy50 ca
|
| 101 |
0 |
|
|a rus
|
| 102 |
|
|
|a RU
|
| 105 |
|
|
|a y j 000zy
|
| 200 |
1 |
|
|a Сертификация
|e учебное пособие
|f А. Г. Сергеев, М. В. Латышев
|
| 210 |
|
|
|a Москва
|c Логос
|d 2001
|
| 215 |
|
|
|a 215 с.
|
| 225 |
1 |
|
|a Карманная энциклопедия студента
|
| 451 |
|
1 |
|0 (RuTPU)RU\TPU\book\62635
|y 5-94010-012-0
|t Сертификация
|o учебное пособие
|f А. Г. Сергеев, М. В. Латышев
|e 2-е изд., перераб. и доп.
|c Москва
|n Логос
|d 2001
|p 264 с.
|a Сергеев, Алексей Георгиевич
|
| 451 |
|
1 |
|0 (RuTPU)RU\TPU\book\15148
|y 5-88439-012-2
|t Сертификация
|o учебное пособие
|f А. Г. Сергеев, М. В. Латышев
|c Москва
|n Логос
|d 2000
|p 247 с.
|s Учебник XXI века
|a Сергеев, Алексей Георгиевич
|
| 451 |
|
|
|y 5-94010-012-0
|
| 610 |
1 |
|
|a организация производства
|
| 610 |
1 |
|
|a сертификация
|
| 610 |
1 |
|
|a нормативные основы
|
| 610 |
1 |
|
|a методические основы
|
| 610 |
1 |
|
|a качество
|
| 610 |
1 |
|
|a учебные пособия
|
| 675 |
|
|
|a 658.562.012.7(07)
|v 3
|
| 700 |
|
1 |
|a Сергеев
|b А. Г.
|g Алексей Георгиевич
|
| 701 |
|
1 |
|a Латышев
|b М. В.
|g Михаил Владимирович
|
| 801 |
|
0 |
|a RU
|b 63413507
|c 20011209
|g PSBO
|
| 801 |
|
2 |
|a RU
|b 63413507
|c 20160420
|g PSBO
|
| 942 |
|
|
|c BK
|